Statistics for Random 'Top and Tail' Word Quiz - A

Click here to take the quiz!

General Stats

  • This quiz has been taken 100 times
  • The average score is 12 of 20

Answer Stats

HintLettersAnswer% Correct
European country on the Adriatic coast7Albania
100%
Grand Canyon state7Arizona
100%
Greek mythology) goddess of wisdom6Athena
95%
Swedish pop group who won the Eurovision Song Contest4Abba
93%
Magical word11Abracadabra
93%
Cold continent10Antarctica
93%
Country in South America9Argentina
93%
Branch of mathematics dealing with variable manipulation7Algebra
92%
Greeting in Hawaii5Aloha
92%
Partial or total loss of memory7Amnesia
91%
Southern US state on the Gulf of Mexico7Alabama
89%
Continent4Asia
89%
First name of author who created Hercule Poirot6Agatha
88%
Country in north-west Africa7Algeria
85%
Llama like animal6Alpaca
85%
Eating disorder8Anorexia
85%
Small country in the eastern Pyrenees7Andorra
83%
Giant snake of tropical South America8Anaconda
82%
Country where Uluru can be found9Australia
82%
Largest US state6Alaska
81%
Indian city and site of the Taj Mahal4Agra
77%
Extent of a two-dimensional surface4Area
76%
Pungent gas compound of nitrogen and hydrogen7Ammonia
73%
Smell5Aroma
73%
Major port of Egypt10Alexandria
69%
Aerial or appendage on the head of an insect7Antenna
69%
Dutch Caribbean Island5Aruba
64%
State capital of Georgia7Atlanta
64%
Landlocked central European country7Austria
62%
Prairie province in western Canada7Alberta
58%
Food and drink of the gods8Ambrosia
58%
Place for open-air sport or entertainment5Arena
58%
King of the Huns6Atilla
58%
Roman goddess of the dawn6Aurora
56%
Capital of Nigeria5Abuja
55%
State capital of Maine7Augusta
55%
Community concerned with research and scholarship8Academia
50%
Capital of Ghana6Accra
50%
Fear of heights10Acrophobia
50%
Continent6Africa
50%
Ancient jar with two handles and a narrow neck7Amphora
50%
Spiral galaxy also known as Messier 319Andromeda
50%
Samoan capital4Apia
50%
Landlocked country in south-western Asia7Armenia
43%
Peninsula forming the Asian part of Turkey8Anatolia
38%
South American desert7Atacama
33%
Former name for Ethiopia9Abyssinia
31%
Capital of Eritrea6Asmara
31%
Domestic breed of rabbit with long silky hair6Angora
25%
Armpit6Axilla
17%
Variety of coffee bean7Arabica
14%
Tropical tree used as a source of gum arabic6Acacia
13%
Absence of the sense of smell7Anosmia
11%
Wolf pack leader in Rudyard Kipling's "The Jungle Book" 5Akela
10%
Fish-eating 'Snakebird' bird of the Americas7Anhinga
9%
Roman general who was governor of Britain8Agricola
8%
British Overseas Territory in the Caribbean8Anguilla
8%
roman general was was victorious at the Battle of Actium7Agrippa
0%
Leguminous plant grown for hay or forage7Alfafa
0%
Cast Iron Plant10Aspidistra
0%

Score Distribution

Percentile by Number Answered

Percent of People with Each Score

Your Score History

You have not taken this quiz